| 000 | 00533nam a22001817a 4500 | ||
|---|---|---|---|
| 003 | OSt | ||
| 005 | 20180116183057.0 | ||
| 008 | 161024b xxu||||| |||| 00| 0 eng d | ||
| 020 | _a0 | ||
| 040 | _c0 | ||
| 082 | _a891.4391009 SUT 2016 | ||
| 100 | _aMuhammad Syheyl Umar | ||
| 245 | _a"That I May See and Tell" Significanec of Iqbal's Wisdom Poetry | ||
| 260 |
_aLahore _bIqbal Academy Pakistan _c2000 |
||
| 300 |
_a30 p. _bPB |
||
| 440 | _a"That I May See and Tell" Significanec of Iqbal's Wisdom Poetry | ||
| 942 |
_2ddc _cBK |
||
| 999 |
_c351862 _d351862 |
||